Nos origines (Record no. 152038)

MARC details
000 -LEADER
campo de control de longitud fija 00817nam a22001935i 4500
001 - NÚMERO DE CONTROL
campo de control 152038
003 - IDENTIFICADOR DE NÚMERO DE CONTROL
campo de control ES-MaACL
005 - FECHA Y HORA DE LA ÚLTIMA TRANSACCIÓN
campo de control 20250813063331.0
008 - DATOS DE LONGITUD FIJA--INFORMACIÓN GENERAL
campo de control de longitud fija 000824s1897 fr af |||| | fre d
040 ## - FUENTE DE CATALOGACIÓN
Centro catalogador/agencia de origen CCPB | B
Lengua de catalogación spa
Centro/agencia transcriptor CCPB | B
080 ## - NÚMERO DE LA CLASIFICACIÓN DECIMAL UNIVERSAL
Número de la Clasificación Decimal Universal 299.16
100 1# - ENTRADA PRINCIPAL--NOMBRE DE PERSONA
Nombre de persona Bertrand, Alexandre,
Fechas asociadas al nombre 1820-1902
9 (RLIN) 28516
245 10 - MENCIÓN DEL TÍTULO
Título Nos origines
Resto del título : la religion des gaulois les druides et le druidisme : leçons proffessées a l'École du Louvre en 1896 /
Mención de responsabilidad, etc. par Alexandre Bertrand.
260 ## - PUBLICACIÓN, DISTRIBUCIÓN, ETC.
Lugar de publicación, distribución, etc. Paris :
Nombre del editor, distribuidor, etc. Ernest Leroux,
Fecha de publicación, distribución, etc. 1897 (
Fabricante A. Burdin)
300 ## - DESCRIPCIÓN FÍSICA
Extensión IX, 436 p., XXXI h. de grab. :
Otras características físicas il. ;
Dimensiones 25 cm.
650 #4 - PUNTO DE ACCESO ADICIONAL DE MATERIA--TÉRMINO DE MATERIA
Término de materia o nombre geográfico como elemento de entrada Druidas y druidismo.
9 (RLIN) 147780
852 ## - LOCALIZACIÓN
Ubicación ES-MaACL
Número de control de estantería C-1097
Nota libre -- Enc. pasta española, conservando la enc. original
Encuadernación -- Completar T260: El lugar de impresión es Angers
Holdings
Estatus retirado Estado de pérdida Estado de daño No para préstamo Colección Biblioteca de origen Biblioteca actual Ubicación en estantería Fecha de adquisición Total de préstamos Signatura topográfica completa Código de barras Visto por última vez Precio de reemplazo Tipo de ítem Koha
        Libros del s. XIX Biblioteca del Ateneo de Madrid Biblioteca del Ateneo de Madrid Sala Palomar 17/01/2008   C-1097 1158700 23/02/2023 23/02/2023 Libro impreso antiguo